• 首页
  • 本馆介绍
  • 公告通知
  • 最新文献
  • 馆藏检索
  • 电子资源
  • 读者导购
  • 参考咨询
  • 我的图书馆
  • 登录
  • 详细信息显示
  • 放入我的书架
  • 预约/预借图书
  • 作者相关作品
  • 分类相关作品
  • 丛书相关作品
  • 出版社相关作品

书目信息

  • 表格格式
  • 工作单格式
  • 卡片格式
题名:
80种常用中草药栽培 提取 营销
    
 
作者: 周成明 , 张成文 编著
分册:  
出版信息: 北京   中国农业出版社  2003
页数: 301页
开本: 20cm
丛书名:
单 册:
中图分类: S567 , R284.2
科图分类:
主题词: 药用植物--栽培 , 中药化学成分--提取 , 中草药--销售 , 药用植物 , 中药化学成分 , 中草药 , 销售
电子资源:
ISBN: 7-109-08457-4
000 01084nam0 2200325 450
001 1574608961
005 20150129204359.71
010    @a7-109-08457-4@dCNY25.00
100    @a20031104d2003 em y0chiy50 ea
101 0  @achi
102    @aCN@b110000
105    @aa z 000yy
200 1  @a80种常用中草药栽培 提取 营销@980 zhongg chang yong zhong cao yao zai pei ti qu ying xiao@f周成明,张成文等编著
210    @a北京@c中国农业出版社@d2003
215    @a301页@c彩照,图@d20cm
330    @a本书阐述了中草药栽培技术与市场分析和国内外中药材市场简介及国际植物提取物市场分析等两大部分内容。
510 1  @a80 Species Chinese Medicine Plants Cultivation Extracting and Market@zeng
606 0  @a药用植物@x栽培
606 0  @a中药化学成分@x提取
606 0  @a中草药@x销售
606 0  @a药用植物
606 0  @a中药化学成分
606 0  @a中草药
606 0  @a销售
690    @aS567@v5
690    @aR284.2@v5
701  0 @a周成明@9zhou cheng ming@f(1963.8~)@4编著
701  0 @a张成文@9zhang cheng wen@f(1962.9~)@4编著
801  0 @aCN@bTSSF@c20150129
905    @aZUCC@dS567@eJY61
    
    80种常用中草药栽培 提取 营销/周成明,张成文等编著.-北京:中国农业出版社,2003
    301页:彩照,图;20cm
    
    
    ISBN 7-109-08457-4:CNY25.00
    本书阐述了中草药栽培技术与市场分析和国内外中药材市场简介及国际植物提取物市场分析等两大部分内容。
●
相关链接 在E读中查询图书 在五车中查询图书 在当当中查询图书 在豆瓣中查询图书


正题名:80种常用中草药栽培 提取 营销     索取号:S567/JY61         预约/预借

序号 登录号 条形码 馆藏地/架位号 状态 备注
1 7862069   278620690   学院路分馆/ [索取号:S567/JY61] 在馆    
2 7862070   278620707   学院路分馆/ [索取号:S567/JY61] 在馆    
唐山师范学院图书馆 欢迎您!
大连网信软件有限公司© 版权所有